000 00819nam a2200265Ia 4500
003 OSt
005 20221006144356.0
006 a|||||r|||| 00| 0
007 ta
008 221006b |||||||| |||| 00| 0 eng d
024 _a11,541
037 _cTextual
040 _aEASL
_cEASL
_beng
041 _2eng
_aeng
082 _aU8.419.N1, F6
100 _aLE COQ Albert Von
_9651845
245 0 _aBuried treasures of Chinese turkestan
_b An account of the activities and adventures of the second and third german turfan expeditions
260 _aLondon
_bGeorge Allen and Unwin
_c1926
300 _a177p.
_ccm.
490 _v CEL
650 _aCEL
700 _a Barwell Anna Tr.
_9651846
942 _hU8.419.N1, F6
_cTEXL
_2CC
999 _c1079627
_d1079627